Základy matematické informatiky 1 Informace a automaty

Enregistré dans:
Détails bibliographiques
Auteur principal: Ivánek, Jiří
Collectivité auteur: Vysoká škola ekonomická v Praze. Fakulta řízení
Format: Livre
Langue:tchèque
Publié: Praha Státní pedagogické nakladatelství 1991
Édition:2. vyd.
Tags: Ajouter un tag
Pas de tags, Soyez le premier à ajouter un tag!

MARC

LEADER 00000nam a2200000 4500
001 c023321
005 20221214095353.6
041 0 |a cze 
044 |a CZ 
245 1 0 |a Základy matematické informatiky 1  |b Informace a automaty  |c Jiří Ivánek 
250 |a 2. vyd. 
264 1 |a Praha  |b Státní pedagogické nakladatelství  |c 1991 
300 |a 95 s. 
100 1 |a Ivánek, Jiří 
710 2 |a Vysoká škola ekonomická v Praze. Fakulta řízení